| 000 | 00555nam a22001817a 4500 | ||
|---|---|---|---|
| 003 | IN-BaIIA | ||
| 005 | 20221012165357.0 | ||
| 008 | 221012b ||||| |||| 00| 0 eng d | ||
| 022 | _a0068-130-X | ||
| 028 | _bBritish Astronomical Association | ||
| 040 | _cIIA Bangalore | ||
| 245 |
_aThe Handbook of the British Astronomical Association _h[Print Journal] |
||
| 260 |
_aFarringdon Street, London _bBritish Astronomical Association |
||
| 310 | _a1 issue/ Year | ||
| 362 | _a-Current | ||
| 521 | _aSubscribed through IIA Library | ||
| 942 |
_2ddc _cBV _s1 |
||
| 999 |
_c35955 _d35955 |
||